000 00594nam a2200193Ia 4500
005 20260120124622.0
008 008 260114s9999 xx 000 0 eng d
020 _a9780444521729
037 _aEBOOK
040 _aCRL
_beng
_cCRL
041 _aeng
_2eng
084 _qCRL
245 0 _aPanel Data Econometrics Theoretical Contributions and Empirical Applications
260 _bEmerald Publishing
_c2006
700 _aBadi H. Baltagi
_9908471
856 _uhttps://www.emerald.com/insight/publication/doi/10.1016/S0573-8555(2006)274
942 _cEBOOK
999 _c1500364
_d1500364